000 00589nam a2200229Ia 4500
003 OSt
005 20221007071729.0
006 a|||||r|||| 00| 0
007 ta
008 221006b |||||||| |||| 00| 0 eng d
024 _a13,570
037 _cTextual
040 _aFLL
_cFLL
_beng
041 _2eng
_aeng
082 _aV73:2:N4, H4
100 _aBrogan D. W.
245 0 _aAmerican political system
260 _aLondon
_bHamish Hamilton London
_c1944
300 _a415p
_ccm.
942 _hV73:2:N4, H4
_cTEXL
_2CC
999 _c1144088
_d1144088